000
00311nam a2200121Ia 4500
008
220204s9999 xx 000 0 und d
082
_a
678.541.6
_b
HIG.24
245
0
_a
Vinyl and diene monomers
260
_a
New York
_b
John Wiley
_c
1971
650
_a
polymer science
700
_a
Leonard, Edward C
942
_c
BK
999
_c
24652
_d
24652